| 000 | 00348nam a22001217a 4500 | ||
|---|---|---|---|
| 020 | _a0-07-100403-3 | ||
| 082 | _a671 HAN'B | ||
| 100 |
_aBRALLA, JAMES G _961646 |
||
| 245 | _aHANDBOOK OF PRODUCT DESIGN FOR MANUFACTURING ,A PRACTICAL GUIDE TO LOW-COST PRODUCTION | ||
| 260 |
_aNEWYORK _bMCGRAW HILL _c1988 |
||
| 300 | _aXIII, 8-105P | ||
| 942 | _cBK | ||
| 999 |
_c571031 _d571031 |
||